El cazador nómada (Registro nro. 189117)

Detalles MARC
000 -LEADER
campo de control de longitud fija 00819nam a2200217 i 4500
001 - NÚMERO DE CONTROL
campo de control 189117
003 - IDENTIFICADOR DE NÚMERO DE CONTROL
campo de control SpMaBN
005 - FECHA Y HORA DE LA ÚLTIMA TRANSACCIÓN
campo de control 20230906223401.0
008 - DATOS DE LONGITUD FIJA--INFORMACIÓN GENERAL
campo de control de longitud fija 190401q1928 sp a |||| | spa d
080 ## - NÚMERO DE LA CLASIFICACIÓN DECIMAL UNIVERSAL
Número de la Clasificación Decimal Universal 86-311.2"19"
100 1# - ENTRADA PRINCIPAL--NOMBRE DE PERSONA
Nombre de persona Ferry, Gabriel.
9 (RLIN) 50608
245 13 - MENCIÓN DEL TÍTULO
Título El cazador nómada
Resto del título : versión española /
Mención de responsabilidad, etc. Gabriel Ferry (Louis de Bellemare) [seud.].
260 ## - PUBLICACIÓN, DISTRIBUCIÓN, ETC.
Lugar de publicación, distribución, etc. Barcelona :
Nombre del editor, distribuidor, etc. Juventud,
Fecha de publicación, distribución, etc. 1928.
300 ## - DESCRIPCIÓN FÍSICA
Extensión 1 v. (4 t. en 1 v.) :
Otras características físicas il. ;
Dimensiones 23 cm.
490 1# - MENCIÓN DE SERIE
Mención de serie Colección aventura
505 8# - NOTA DE CONTENIDO CON FORMATO
Nota de contenido con formato Contiene: t. 1 (95 p.) - t. 2 (96 p.) - t. 3 (93 p.) - t. 4 (75 p.)
597 ## - NOTA DE DESCRIPCIÓN FÍSICA
NOTA DE DESCRIPCIÓN FÍSICA Cada tomo con cub. il. y port. propias.
830 0# - PUNTO DE ACCESO ADICIONAL DE SERIE-TÍTULO UNIFORME
Título uniforme Colección aventura
9 (RLIN) 225775
852 ## - LOCALIZACIÓN
Ubicación ES-MaACL
Número de control de estantería L-32282
Nota libre - Enc. cart.
-- . - Donat. herederos de la bibl. de Mª del Pilar Costa Palacín
Existencias
Estatus retirado Estado de pérdida Estado de daño No para préstamo Biblioteca de origen Biblioteca actual Ubicación en estantería Fecha de adquisición Fuente de adquisición Total de préstamos Signatura topográfica completa Código de barras Visto por última vez Precio de reemplazo Tipo de ítem Koha
        Biblioteca del Ateneo de Madrid Biblioteca del Ateneo de Madrid Depósito 2 01/04/2019     L-32282 1200295 23/02/2023 23/02/2023 Libro impreso